01120 2200337 4500001002100000005001500021035002000036007000300056008004100059020002200100082001600122084001800138100002800156245013300184250003600317300005600353650002500409700003000434700002900464700003100493504003400524264005000558336002100608337003000629338002300659040002200682090002200704850001200726999002200738990002200760INLIS00000000088675420240522105242 a0010-0524000585ta240522s2023 yoia g ind d a978-623-359-219-204223a617.632 a617.632 AHM p0 aAhmad SyaifyePengarang10aPeriodontitis diabetika :baspek klinis dan imunologi /cAhmad Syaify, Juni Handajani, Retno Ardhani; penyunting, Siti Nurhayati aCetakan Pertama : Desember 2023 axiv, 132 halaman :bgambar berwarna, tabel ;c23 cm 4aPenyakit periodontal0 aJuni HandajaniePengarang0 aRetno ArdhaniePengarang0 aSiti NurhayatiePenyunting aBibliografi : halaman 103-12731aSleman :bGadjah Mada University Press,c2023 2rdacontentateks 2rdamediaatanpa perantara 2rdacarrieravolume aYOPDYOGbinderda aCB-D.11 2023-5076 aYOPDYOG aCB-D.11/2023-5076 aCB-D.11/2023-5076